Les 20 préfectures les plus proches de Rodez - Statistiques

Statistiques générales
  • Ce quiz a été pris 172 fois
  • Le résultat moyen est 15 sur 20
Statistiques - réponses
distance (en km) ville préfecture % Correct
133 Montpellier
96%
123 Toulouse
96%
58 Albi
91%
154 Nimes
87%
76 Mende
81%
65 Aurillac
80%
91 Cahors
80%
164 Clermont-Ferrand
79%
104 Montauban
79%
186 Perpignan
77%
128 Carcassonne
74%
120 Tullle
68%
177 Auch
64%
156 Agen
62%
173 Foix
62%
129 Le Puy en Velay
61%
184 Avignon
60%
174 Perigueux
59%
166 Privas
54%
188 Saint-Etienne
50%
Aucun quiz correspondant
Distribution des résultats
% des personnes avec chaque résultat
Percentile par nombre de réponses
Votre historique - résultats
Vous n’avez pas pris ce quiz